| 000 | 01132nam a22002657a 4500 | ||
|---|---|---|---|
| 999 |
_c3827 _d3827 |
||
| 003 | AR-CdUCM | ||
| 008 | 190307b ||||| |||| 00| 0 spa d | ||
| 020 | _a84-7232-588-1 | ||
| 040 |
_aMUNICIPALIDAD PROVINCIAL DEL CUSCO _cBIBLIOTECA MUNICIPAL DEL CUSCO |
||
| 082 |
_a324.2182 / _bR88 |
||
| 110 |
_aInstituto de Cooperación Iberoamericana _94266 |
||
| 245 | _aEl pensamiento demócratacristiano / | ||
| 260 |
_aMadrid : _bJoaquín Roy, _bEdiciones de Cultura Hispánica, _c1991. |
||
| 300 |
_a259 páginas ; _c24 cm. |
||
| 440 |
_aAntología del pensamiento político, social y económico de América Latina. _n15 _912317 |
||
| 505 | _aContenido: Origen definición ideológica y reforma del estado -- Crisis nacionales y propuestas de partidos -- El capital y el trabajo -- Organizaciones Supranacionales y orden Internacional. | ||
| 650 |
_aDemocracia cristiana _912318 |
||
| 650 |
_aSiglo XX _98 |
||
| 650 |
_aPartidos políticos _91565 |
||
| 650 |
_aAmérica Latina _91130 |
||
| 700 |
_aRoy, Joaquín (editor) _912319 |
||
| 710 |
_aInstituto de Cooperación Iberoamericana _94266 |
||
| 942 |
_2ddc _cLIBROS |
||
| 945 | _aachl | ||